L'omosessualità nella Bibbia (Record no. 210605)
[ view plain ]
| 000 -LEADER | |
|---|---|
| fixed length control field | 01415nam a2200229Ia 4500 |
| 001 - CONTROL NUMBER | |
| control field | b6438-46120 |
| 003 - CONTROL NUMBER IDENTIFIER | |
| control field | IT-MiCISF |
| 008 - FIXED-LENGTH DATA ELEMENTS--GENERAL INFORMATION | |
| fixed length control field | 161014s9999||||xx |||||||||||||| ||und|| |
| 040 ## - CATALOGING SOURCE | |
| Original cataloging agency | IT-MiCISF |
| Transcribing agency | IT-MiCISF |
| 041 ## - LANGUAGE CODE | |
| Language code of text/sound track or separate title | it |
| 999 ## - SYSTEM CONTROL NUMBERS (KOHA) | |
| Koha Dewey Subclass [OBSOLETE] | si |
| 100 ## - MAIN ENTRY--PERSONAL NAME | |
| Personal name | Himbaza Innocent |
| 245 #0 - TITLE STATEMENT | |
| Title | L'omosessualità nella Bibbia |
| 250 ## - EDITION STATEMENT | |
| Edition statement | 1a ed. |
| 260 ## - PUBLICATION, DISTRIBUTION, ETC. (IMPRINT) | |
| Place of publication, distribution, etc. | Cinisello Balsamo (MI) |
| Name of publisher, distributor, etc. | San Paolo |
| Date of publication, distribution, etc. | 2007 [Edizione originale: 2007] |
| 300 ## - PHYSICAL DESCRIPTION | |
| Extent | pp. 123 |
| 500 ## - GENERAL NOTE | |
| General note | / omosessualità, bibbia / In questo volume tre esegeti cristiani, due cattolici e uno protestante, accettano la sfida di tornare al testo biblico, di attenersi ad esso e di rileggerlo senza tabù né pregiudizi, per chiarire ciò che la Bibbia dice sull'omosessualità. Essi accettano di sottomettersi al testo, senza ricorrere a interpretazioni personali o ecclesiali. Per pronunciarsi sull'omosessualità a partire dalla Bibbia, bisogna infatti, prima di tutto, precisare ciò che la Bibbia dice e ciò che va oltre le sue intenzioni. Soltanto in un secondo momento, ci si può chiedere se l'insegnamento biblico mantenga il suo valore per la nostra società. Il presente studio, senza essere un trattato di etica sull'omosessualità, evidenzia l'importanza dell'insegnamento biblico per tale questione. |
| 650 ## - SUBJECT ADDED ENTRY--TOPICAL TERM | |
| Topical term or geographic name as entry element | Sessualità / sessualità |
| Relator term | 005 |
| 700 ## - ADDED ENTRY--PERSONAL NAME | |
| Personal name | Edart Jean-Baptiste |
| 700 ## - ADDED ENTRY--PERSONAL NAME | |
| Personal name | Schenker Adrian |
| 942 ## - ADDED ENTRY ELEMENTS (KOHA) | |
| Koha item type | LIBRO |
| 957 ## - | |
| -- | 1 |
| 999 ## - SYSTEM CONTROL NUMBERS (KOHA) | |
| -- | 1 |
| Withdrawn status | Lost status | Damaged status | Not for loan | Home library | Current library | Date acquired | Total Checkouts | Full call number | Date last seen | Price effective from | Koha item type | Public note |
|---|---|---|---|---|---|---|---|---|---|---|---|---|
| Buone Condizioni | Not For Loan | CISF - Milano | CISF - Milano | 14/10/2016 | b6438-46120 | 14/10/2016 | 14/10/2016 | LIBRO | Data import 15.10.2016 / by Epidotti, Vaglietti |